Design and realization of O-CDMA system = Návrh a realizácia O-SDMA systému : Dizertačná práca : Obh. 29.04.1997 /

Guardado en:
Detalles Bibliográficos
Autor principal: Isa, Bassam (Autor)
Otros Autores: Baláž, Igor, 1939- (Orientador)
Formato: Manuscrito Libro
Publicado: Bratislava : STU v Bratislave FEI, 1996
Materias:
Etiquetas: Agregar Etiqueta
Sin Etiquetas, Sea el primero en etiquetar este registro!

MARC

LEADER 00000ntm a22000003a 4500
001 stu10092
005 20160719164944.0
008 970820s1996----------------------------d
040 |a STU  |b slo 
041 0
080 |a 621.391.63 
080 |a 621.37.037 
080 |a 681.324.04  |7 stu_us_auth*stu6003 
080 |a 681.327.8 
084 |a B6150E  |2 INS  |7 stu_us_auth*stu6004 
084 |a B6150M  |2 INS 
084 |a B6250  |2 INS 
100 1 |a Isa, Bassam  |4 aut 
245 1 |a Design and realization of O-CDMA system = Návrh a realizácia O-SDMA systému :  |b Dizertačná práca : Obh. 29.04.1997 /  |c [aut.] Isa,Bassam; Škol. Baláž,Igor 
260 |a Bratislava :  |b STU v Bratislave FEI,  |c 1996 
300 |a 103 s  |c Autoref.1997, 21 s 
650 7 |a optické komunikačné systémy  |2 stusub 
650 7 |a CDMA  |2 stusub 
650 7 |a mnohostranný prístup s kódovaným delením  |2 stusub 
650 7 |a riadenie prístupu  |2 stusub 
650 7 |a optické kódovanie  |2 stusub 
650 7 |a kódery  |2 stusub 
650 7 |a dekódery  |2 stusub 
650 7 |a komunikačné protokoly  |2 stusub 
700 1 |a Baláž, Igor,  |d 1939-  |4 ths  |u E030  |U FEI Fakulta elektrotechniky a informatiky  |T FEI Ústav elektroniky a fotoniky  |X 3793  |U E030  |Y 549  |7 A000003793 
996 |b 284ED00380  |c E*PGŠ-754  |l EE01  |s A  |a 24  |w stu10092_0001